Tall buildings guidance published (Record no. 72281)

MARC details
000 -LEADER
fixed length control field 01631cam a2200205 4500
001 - CONTROL NUMBER
control field WB3910-16
008 - FIXED-LENGTH DATA ELEMENTS--GENERAL INFORMATION
fixed length control field 030311n2003 000 0 eng u
035 ## - SYSTEM CONTROL NUMBER
System control number (Sirsi) u121591
245 ## - TITLE STATEMENT
Title Tall buildings guidance published
260 ## - PUBLICATION, DISTRIBUTION, ETC.
Date of publication, distribution, etc. 2003
490 ## - SERIES STATEMENT
Series statement CABE Press Release
Volume/sequential designation 3 March 2003, (2)
520 ## - SUMMARY, ETC.
Summary, etc. The Commission for Architecture and the Built Environment (CABE) and English Heritage have published their joint guidance on tall buildings. The new "Guidance on tall buildings" follows on a consultation document issued in June 2001, which has been redrafted at the government's request to reflect the responses received during the consultation period and takes into account the Transport, Local Government and the Regions select committee report of July 2002 and the government's response to it. The document sets out the importance of a plan-led approach to locating the right tall buildings in the right places. It will assist the development of tall building policies and will be capable of being a material consideration in planning proposals. The guidance can be downloaded from http://www.cabe.org.uk/displayData.html/XLI-LibraryUsefulPDFsCABEPublicationsGuidanceontalbuildings2003.pdf?type=pdf&id=410 or can be ordered from English Heritage publications t +44 (0)870 333 1181 http://www.cabe.org.uk/JLKxLJwB+C2=nG4d9ihsTlw/news/press/press_release.html?press_release_id=211
590 ## - LOCAL NOTE (RLIN)
Local note WB
650 ## - SUBJECT ADDED ENTRY--TOPICAL TERM
Topical term or geographic name entry element TALL BUILDINGS
650 ## - SUBJECT ADDED ENTRY--TOPICAL TERM
Topical term or geographic name entry element LOCAL PLANNING AUTHORITIES
650 ## - SUBJECT ADDED ENTRY--TOPICAL TERM
Topical term or geographic name entry element PROPOSALS
650 ## - SUBJECT ADDED ENTRY--TOPICAL TERM
Topical term or geographic name entry element LOCATION FACTORS
690 ## - LOCAL SUBJECT ADDED ENTRY--TOPICAL TERM (OCLC, RLIN)
Topical term or geographic name as entry element ENVIRONMENTAL AND LAND CONSULTANCY-PLANNING AND DEVELOPMENT
942 ## - ADDED ENTRY ELEMENTS (KOHA)
Suppress in OPAC 0
Holdings
Withdrawn status Lost status Source of classification or shelving scheme Damaged status Not for loan Home library Current library Shelving location Date acquired Total Checkouts Full call number Barcode Date last seen Copy number Price effective from Koha item type
    Dewey Decimal Classification     London London News article 11/03/2003   WB3910-16 121591-1001 06/08/2019 1 06/08/2019 News article